|
|
|
|
| LEADER |
00000nam0a2200000 4500 |
| 001 |
279391 |
| 005 |
20231101235214.0 |
| 035 |
|
|
|a (RuTPU)RU\TPU\book\302669
|
| 090 |
|
|
|a 279391
|
| 100 |
|
|
|a 20141218d1964 k y0rusy50 ca
|
| 101 |
1 |
|
|a rus
|c ger
|
| 102 |
|
|
|a RU
|
| 105 |
|
|
|a a z 000zy
|
| 200 |
1 |
|
|a Учение о прочности и упругости
|e пер. с нем.
|f Г. Дрейер
|
| 210 |
|
|
|a Москва
|c Машиностроение
|d 1964
|
| 215 |
|
|
|a 416 с.
|c ил.
|
| 606 |
1 |
|
|a Твердые тела
|2 stltpush
|3 (RuTPU)RU\TPU\subj\58634
|9 76404
|
| 606 |
1 |
|
|a Упругость, теория
|2 stltpush
|3 (RuTPU)RU\TPU\subj\63144
|9 80188
|
| 610 |
1 |
|
|a сопротивление
|
| 610 |
1 |
|
|a растяжение
|
| 610 |
1 |
|
|a сжатие
|
| 610 |
1 |
|
|a срез
|
| 610 |
1 |
|
|a площади
|
| 610 |
1 |
|
|a изгиб
|
| 610 |
1 |
|
|a кручение
|
| 610 |
1 |
|
|a сдвиг
|
| 610 |
1 |
|
|a устойчивость
|
| 610 |
1 |
|
|a стержни
|
| 610 |
1 |
|
|a продольное нагружение
|
| 610 |
1 |
|
|a напряженное состояние
|
| 610 |
1 |
|
|a кривой брус
|
| 610 |
1 |
|
|a деформации
|
| 610 |
1 |
|
|a прочность
|
| 675 |
|
|
|a 539.2
|v 3
|
| 675 |
|
|
|a 539.3
|v 3
|
| 700 |
|
1 |
|a Дрейер
|b Г.
|
| 801 |
|
1 |
|a RU
|b 63413507
|c 20141218
|
| 801 |
|
2 |
|a RU
|b 63413507
|c 20210526
|g RCR
|
| 942 |
|
|
|c BK
|